|
|
|
|
| LEADER |
00000nam0a2200000 4500 |
| 001 |
269188 |
| 005 |
20231101234231.0 |
| 035 |
|
|
|a (RuTPU)RU\TPU\book\292361
|
| 090 |
|
|
|a 269188
|
| 100 |
|
|
|a 20140915d1987 k y0rusy50 ca
|
| 101 |
0 |
|
|a rus
|
| 102 |
|
|
|a RU
|
| 105 |
|
|
|a a z 001zy
|
| 200 |
1 |
|
|a Оптимальное управление электроприводами
|e [монография]
|f В. П. Кочетков, В. А. Троян
|
| 210 |
|
|
|a Красноярск
|c Изд-во Красноярского ун-та
|d 1987
|
| 215 |
|
|
|a 144 с.
|c ил.
|
| 320 |
|
|
|a Библиогр.: с. 138-143
|
| 606 |
1 |
|
|a Электроприводы
|x Управление
|2 stltpush
|3 (RuTPU)RU\TPU\subj\20697
|9 45783
|
| 610 |
1 |
|
|a электромеханические системы
|
| 610 |
1 |
|
|a математическое описание
|
| 610 |
1 |
|
|a регуляторы
|
| 610 |
1 |
|
|a аналитическое конструирование
|
| 610 |
1 |
|
|a математические методы
|
| 610 |
1 |
|
|a оптимальное управление
|
| 610 |
1 |
|
|a быстродействие
|
| 610 |
1 |
|
|a динамические нагрузки
|
| 610 |
1 |
|
|a ограничение
|
| 610 |
1 |
|
|a монографии
|
| 675 |
|
|
|a 62-83-5
|v 3
|
| 700 |
|
1 |
|a Кочетков
|b В. П.
|g Владимир Петрович
|
| 701 |
|
1 |
|a Троян
|b В. А.
|g Виталий Анатольевич
|
| 801 |
|
1 |
|a RU
|b 63413507
|c 20140915
|
| 801 |
|
2 |
|a RU
|b 63413507
|c 20170222
|g RCR
|
| 942 |
|
|
|c BK
|